عرض عادي عرض مارك
  • Wiseman, H. M.

مدخل إسم شخص

عدد التسجيلات المستخدمة في: 1

001 - رقم الضبط

  • حقل الضبط: 15424

003 - معرف رقم الضبط

  • حقل الضبط: OSt

005 - تاريخ ووقت أخر عملية

  • حقل الضبط: 20120601170038.0

008 - عناصر بيانات ثابتة الطول

  • حقل تحكم ثابت الطول: 120601|||a|||||| | ||| d

040 ## - مصدر الفهرسة

  • هيئة الفهرسة الأصلية: OSt
  • وكالة الكتابة: OSt

100 ## - مدخل -- أسم شخص

  • إسم شخص: Wiseman, H. M.
  • الشكل الكامل للاسم: (Howard M.)

670 ## - بيانات المصدر موجوده

  • الاستشهاد بالمصدر: Work cat.: (OSt)23665: Wiseman, H. M. (Howard M.), Quantum measurement and control /, 2010.